000 00762nam a22002294a 4500
005 20081128140742.0
008 080618s2008 ii a 001 0 eng
010 _aENG-92143
020 _c60.00
035 _aEN-75676
037 _bDBAD / PUB
040 _adpl
_bEnglish
082 _a530.4175
100 _aManimala, M.
240 _aCorrespondence
245 _aThin film /
_cby M. Manimala
260 _aPerambalur
_bMercury Printers & Publishers
_c2008
300 _a67p.
_c19 cm (pbk)
650 _aThin films.
942 _2ddc
_cEN
_mMAN
_h530.4175
999 _c19727
_d19727